Statistics for Top 15 Countries with Covid-19 Deaths - 31 January 2021

Click here to take the quiz!

General Stats

  • This quiz has been taken 17 times
  • The average score is 15 of 24

Answer Stats

country% Correct
France
100%
United States
100%
Brazil
94%
Germany
94%
United Kingdom
94%
India
88%
Russia
88%
Spain
88%
Italy
82%
Mexico
82%
Argentina
71%
Belgium
65%
Colombia
59%
Peru
53%
Portugal
53%
South Africa
53%
Iran
47%
Czechia
41%
Hungary
41%
Bosnia and
Herzegovina
35%
Slovenia
29%
Bulgaria
24%
Croatia
24%
North Macedonia
24%

Score Distribution

Percentile by Number Answered

Percent of People with Each Score

Your Score History

You have not taken this quiz